00285nam a2200121Ia 4500003000400000008004100004020002500045040000800070245003200078260003000110300001200140365001100152LDD181029s9999 xx 000 0 und d a970415344067c595.00 cLDD 0aSociologybthe key concepts aNew YorkbRoutledgec2006 axx, 211 b595.00